مر ہم (Record no. 175555)

MARC details
000 -LEADER
fixed length control field 00625nam a22001937a 4500
005 - DATE AND TIME OF LATEST TRANSACTION
control field 20200909113502.0
010 ## - LCCN (DPL NO)
LC control number UR-10846
020 ## - INTERNATIONAL STANDARD BOOK NUMBER
Terms of availability 151.00
International Standard Book Number 9789389733167
035 ## - SYSTEM CONTROL NUMBER
System control number U-9401
037 ## - SOURCE OF ACQUISITION
Source of stock number/acquisition DBAD/PUB
082 ## - DEWEY DECIMAL CLASSIFICATION NUMBER
Classification number ن
100 ## - MAIN ENTRY--PERSONAL NAME
Personal name محمد علا م ا لد ين
245 ## - TITLE STATEMENT
Title مر ہم
Statement of responsibility, etc محمد علا م ا لد ين
246 ## - VARYING FORM OF TITLE
Remainder of title Marham (Urdu)
Title proper/short title by Mohd.Allamuddin
260 ## - PUBLICATION, DISTRIBUTION, ETC. (IMPRINT)
Place of publication, distribution, etc N.Delhi
Name of publisher, distributor, etc Educational Publishing House
Date of publication, distribution, etc 2019 ء
270 ## - ADDRESS
Address H.O.D1/16,Ansari Road,Darya ganj,
City N.Delhi
Postal code 110002
Telephone number 45678285,23216162
Fax number 0091-11-23211540
300 ## - PHYSICAL DESCRIPTION
Extent 128 ص
Dimensions 22 Cm(Hb)
942 ## - ADDED ENTRY ELEMENTS (KOHA)
Source of classification or shelving scheme Dewey Decimal Classification
Item type Urdu Bks
Classification part ن
Call number suffix م ح م
Holdings
Withdrawn status Lost status Not for loan Collection code Home library Current library Date acquired Source of acquisition Cost, normal purchase price Full call number Barcode Copy number Cost, replacement price Koha item type
      Fiction D.B.Act.Division D.B.Act.Division 09/09/2020 DBAD/PUB 90.00 ن م ح م U-9401 1 90.00 Urdu Bks

© Delhi Public Library
Hit Counter
free hit counter